000 00609nam a2200253Ia 4500
003 OSt
005 20220912150952.0
006 a|||||r|||| 00| 0
007 ta
008 220909b |||||||| |||| 00| 0 eng d
024 _a49015
037 _cTextual
040 _aCSL
_beng
_cCSL
041 _aeng
082 _aI:12, G5
100 _aBower F O
245 0 _aOrigin of land flora
260 _aNew York
_b Hafner
_c1935
300 _ax,727p.
_ccm.
650 _a Natural history
650 _aBotany
942 _hI:12, G5
_cTEXL
_2CC
999 _c58468
_d58468